Transforming a legacy.
| Format: | Book |
|---|---|
| Published: |
[S.l]:
TM Group Corporate Communications,
2007.
|
| Subjects: |
| LEADER | 00463cam a2200157 7i4500 | ||
|---|---|---|---|
| 001 | 0000022341 | ||
| 005 | 20090220090000.0 | ||
| 020 | 0 | 0 | |a 978-98-4588-0-8 |
| 090 | 0 | 0 | |a M 354.5950087 |b TRA |
| 245 | 0 | 0 | |a Transforming a legacy. |
| 260 | 0 | 0 | |a [S.l]: |b TM Group Corporate Communications, |c 2007. |
| 300 | # | # | |a 227 p. |
| 650 | 0 | 0 | |a Telecommunication -- |z Malaysia |
| 650 | 0 | 0 | |a Malaysia -- |x Telekom |
| 651 | 0 | 0 | |a Malaysia |
| 999 | |a 0000022244 |b Book |c Malaysia |e Business Information Centre | ||